MyGZULibrary

Circuits, devices, and systems : (Record no. 5562)

MARC details
000 -LEADER
fixed length control field 01150pam a2200301 a 4500
001 - CONTROL NUMBER
control field 1542901
003 - CONTROL NUMBER IDENTIFIER
control field GZU
005 - DATE AND TIME OF LATEST TRANSACTION
control field 20210408085011.0
008 - FIXED-LENGTH DATA ELEMENTS--GENERAL INFORMATION
fixed length control field 910618s1992 nyua b 001 0 eng
010 ## - LIBRARY OF CONGRESS CONTROL NUMBER
LC control number 91024304
020 ## - INTERNATIONAL STANDARD BOOK NUMBER
International Standard Book Number 0471839442
040 ## - CATALOGING SOURCE
Original cataloging agency DLC
Transcribing agency DLC
Modifying agency DLC
050 00 - LIBRARY OF CONGRESS CALL NUMBER
Classification number TK145
Item number .SMI 1992
082 00 - DEWEY DECIMAL CLASSIFICATION NUMBER
Classification number 621.3
Edition number 20
100 1# - MAIN ENTRY--PERSONAL NAME
Personal name Smith, Ralph Judson.
245 10 - TITLE STATEMENT
Title Circuits, devices, and systems :
Remainder of title a first course in electrical engineering /
Statement of responsibility, etc. Ralph J. Smith, Richard C. Dorf.
250 ## - EDITION STATEMENT
Edition statement 5th ed.
260 ## - PUBLICATION, DISTRIBUTION, ETC.
Place of publication, distribution, etc. New York :
Name of publisher, distributor, etc. Wiley,
Date of publication, distribution, etc. c1992.
300 ## - PHYSICAL DESCRIPTION
Extent xi, 868 p. :
Other physical details ill. (some col.) ;
Dimensions 26 cm.
504 ## - BIBLIOGRAPHY, ETC. NOTE
Bibliography, etc. note Includes bibliographical references and index.
650 #0 - SUBJECT ADDED ENTRY--TOPICAL TERM
Topical term or geographic name entry element Electrical engineering.
700 1# - ADDED ENTRY--PERSONAL NAME
Personal name Dorf, Richard C.
856 42 - ELECTRONIC LOCATION AND ACCESS
Materials specified Publisher description
Uniform Resource Identifier <a href="http://www.loc.gov/catdir/description/wiley034/91024304.html">http://www.loc.gov/catdir/description/wiley034/91024304.html</a>
856 4# - ELECTRONIC LOCATION AND ACCESS
Materials specified Table of Contents
Uniform Resource Identifier <a href="http://www.loc.gov/catdir/toc/onix05/91024304.html">http://www.loc.gov/catdir/toc/onix05/91024304.html</a>
906 ## - LOCAL DATA ELEMENT F, LDF (RLIN)
a 7
b cbc
c orignew
d 1
e ocip
f 19
g y-gencatlg
942 ## - ADDED ENTRY ELEMENTS (KOHA)
Source of classification or shelving scheme Library of Congress Classification
Koha item type Books
Edition 5th ed.
Classification part 145
Item part SMI
Call number prefix TK
Holdings
Withdrawn status Lost status Damaged status Not for loan Collection code Home library Current library Shelving location Date acquired Total Checkouts Full call number Barcode Date last seen Copy number Price effective from Koha item type
        Non-fiction City Campus Library City Campus Library General Stacks 04/08/2021   TK145SMI1992 010842 04/08/2021 c.1 04/08/2021 Books